00285nam a2200121Ia 4500008004100000100001900041245001800060260003200078300000900110650002000119942000700139999001700146190216s9999||||xx |||||||||||||| ||und|| aVivekanandan G 0aSruthibhangam bPoorna Pubs Kozhikodec1990 a218p aMalayalam Novel cBK c26607d26607